000 00746cam a22002657a 4500
003 CHAP
005 20220329134338.0
008 971013s1972 r 00010 d
010 _a19087
011 _a20059
035 _a24147
040 _cCHAP
082 _a585.2
_bA5
100 0 0 _aAllen, George S.
_94394
245 1 4 _aThe life history of Douglas-fir
260 _aOttawa :
_bForestry Service,
_c1972
300 _a139 p.
_b: ilus
590 _aBATCH-UPD
_b10
_c20130110
_lUCH01
_h1624
590 _aCONVERSION
_b10
_c20130109
_lUCH01
_h1312
650 1 4 _aPseudotsuga menziesii.
_992591
700 0 _aOwens, John N.
_984440
901 _aBK
942 _cLIBRO
949 _a585.2 A5
_bBC
_cLIBRO
_d33724000361317
_eLIBRO
_h33558
_i24147
_mD
_si
999 _c19087
_d19087